000 00366nam a2200133Ia 4500
008 100328s9999 xx 000 0 und d
082 _b49218
100 _aराजे प्रभा चंद्रकांत
245 _aपिनोछीओ
260 _bशेठ
630 _aपिनोछीओ
730 _aपिनोछीओ
942 _cBOOK
999 _c536649
_d536646